000 05677nam0a2200541 4500
001 RU\NLR\BIBL_A\011315241
005 20260407083357.0
020 _aRU
_9От Февраля к Октябрю: коллекция листовок/Рос. нац. б-ка
035 _a(NLR Aleph) 011315241
090 _a11044438
_c11044438
100 _a20170125d1917 |||y0rusy50 ca
101 0 _arus
102 _aRU
105 _ay z 000yy
135 _acrcn 024apada
200 1 _aТоварищи! Долгожданный момент наступает, надо готовиться к выборам в Учредительное собрание. Наконец-то, окончательное слово и решительный приговор по всем вопросам народной жизни будет произнесен...
_e[листовка]
210 _aПетрозаводск [Олонецкая губ.]
_cОлонецкая губернская типография
_d[1917, сентябрь]
215 _a[1] л.
_d29х21
300 _aТекст заканчивается словами: И настоящим Совет просит немедленно произвести сбор энергично и широко в пределах, Вам доступных, и собранную сумму без задержки выслать по адресу Совета
300 _aТекст на обеих сторонах листа
300 _aПодписи: С товарищеским приветом: председатель Олонецкого губернского Совета крестьянских депутатов А.П. Тихомиров. Председатель Олонецкого губернского Совета рабочих и солдатских депутатов В.М. Куджиев. За председателя Петрозаводского комитета Российской социал-демократической рабочей партии С.И. Часовенный. Председатель Олонецкого губернского Комитета Партии социалистов-революционеров А.А. Садиков. Совет
300 _aКоллекция листовок "От Февраля к Октябрю" (1 экз.)
325 1 _aКопия доступна в Электронной библиотеке РНБ
327 1 _aПризыв к населению Петрозаводска оказать материальную помощь Совету крестьянских, рабочих и солдатских детутатов для организации выборов в Учредительное собрание
517 1 _aДолгожданный момент наступает, надо готовиться к выборам в Учредительное собрание. Наконец-то, окончательное слово и решительный приговор по всем вопросам народной жизни будет произнесен...
517 1 _aНаконец-то, окончательное слово и решительный приговор по всем вопросам народной жизни будет произнесен...
540 1 _aИ настоящим Совет просит немедленно произвести сбор энергично и широко в пределах, Вам доступных, и собранную сумму без задержки выслать по адресу Совета
540 1 _aПризыв к населению Петрозаводска оказать материальную помощь Совету крестьянских, рабочих и солдатских детутатов для организации выборов в Учредительное собрание
540 1 _aОт Февраля к Октябрю
_eлистовки
601 0 2 _aВсероссийское учредительное собрание
_jЛистовки
_xВыборы
_92598284
_3RU\NLR\AUTH\661535106
607 _aРоссия
_jЛистовки
_xИстория
_z1917
_92250871
_3RU\NLR\AUTH\661350120
686 0 _aТ3(2)524.2,011
686 0 _aТ3(2)711.29-310,011
686 1 _aТ3(2)711.19-532.2,011
702 1 _4720
_7ca
_8rus
_aТихомиров
_bА. П.
_cучастник местного управления
_f1887-1937
_gАлександр Павлович
_9166743
_3RU\NLR\AUTH\770166790
702 1 _4720
_7ca
_8rus
_aКуджиев
_bВ. М.
_cобщественно-политический деятель
_f1890-1976
_gВасилий Михайлович
_9166685
_3RU\NLR\AUTH\770166732
702 1 _4720
_7ca
_8rus
_aЧасовенный
_bС. И.
_cучастник революционного движения
_9166750
_3RU\NLR\AUTH\770166797
702 1 _4720
_7ca
_8rus
_aСадиков
_bА. А.
_cучастник местного управления
_9166752
_3RU\NLR\AUTH\770166799
711 0 2 _aВсероссийское учредительное собрание
_c1918
_9293323
_3RU\NLR\AUTH\8810361
712 0 2 _4570
_aОлонецкий губернский Совет крестьянских депутатов
_9540290
_3RU\NLR\AUTH\880438034
852 0 0 _aNLR
_bФл
_jXII/213
942 _cBOOK
980 _aNB
981 4 2 _a(42) 1917: от Февраля к Октябрю
_b(42) Листовки 1917 года